| 000 | 01133nam a2200253u 4500 | ||
|---|---|---|---|
| 001 | somebodysthinkin00welc | ||
| 003 | CaSfIA | ||
| 005 | 20210119083210.0 | ||
| 007 | cr|||| | ||
| 008 | 830505s1966 nyua j 000 0 eng | ||
| 035 | _9(DLC) 66006170 | ||
| 856 | 4 | 1 |
_uhttp://www.archive.org/details/somebodysthinkin00welc _zFree eBook from the Internet Archive |
| 856 | 4 | 2 |
_uhttp://www.openlibrary.org/books/OL24220070M _zAdditional information and access via Open Library |
| 010 | _a 66006170 | ||
| 040 |
_aDLC _cCarP _dDLC _dCaSfIA |
||
| 050 | 0 | 0 |
_aPZ7.W449 _bSo |
| 100 | 1 | _aWelcher, Rosalind. [from old catalog] | |
| 245 | 1 | 0 |
_aSomebody's thinking of you. _h[electronic resource] |
| 260 |
_aNew York, _bPanda Prints _c[1966] |
||
| 300 |
_a1 v. (unpaged) _bcol. illus. _c19 cm. |
||
| 942 | _cEB | ||
| 506 | _fНеобхідна авторизація на https://archive.org/ (створення облікового запису безкоштовно) | ||
| 506 | _fНеобхідна авторизація на https://openlibrary.org/ (створення облікового запису безкоштовно) | ||
| 999 |
_c550388 _d550388 |
||